000 00526nam a2200181Ia 4500
008 100920s9999 xx 000 0 und d
082 _b72652
_a1 थ 98
100 _aJones Graham.
245 _aHow To... MANAGE COMPUTERS AT WORK.
260 _bJAICO PUBLISHION HOUSE ,BOMBAY.
_c1998
300 _a154
_bसाधी
365 _b80
520 _aइ.डी.यू.
630 _aHow To... MANAGE COMPUTERS AT WORK.
650 _aइ.डी.यू.
730 _aHow To... MANAGE COMPUTERS AT WORK.
942 _cBOOK
999 _c714402
_d714399